Sur les routes de la soie (Record no. 30381)

MARC details
000 -LEADER
campo de control de longitud fija 00624nam a2200217 i 4500
001 - NÚMERO DE CONTROL
campo de control 30381
003 - IDENTIFICADOR DE NÚMERO DE CONTROL
campo de control ES-MaACL
005 - FECHA Y HORA DE LA ÚLTIMA TRANSACCIÓN
campo de control 20230906154202.0
007 - CAMPO FIJO DE DESCRIPCIÓN FÍSICA--INFORMACIÓN GENERAL
campo de control de longitud fija t|
008 - DATOS DE LONGITUD FIJA--INFORMACIÓN GENERAL
campo de control de longitud fija 030124s1985 fr a |||| | fre d
020 ## - NÚMERO INTERNACIONAL ESTÁNDAR DEL LIBRO
Número Internacional Estándar del Libro 2-02-008663-8
080 ## - NÚMERO DE LA CLASIFICACIÓN DECIMAL UNIVERSAL
Número de la Clasificación Decimal Universal 910.4(5):339
100 1# - ENTRADA PRINCIPAL--NOMBRE DE PERSONA
Nombre de persona Beurdeley, Cécile.
9 (RLIN) 28707
245 10 - MENCIÓN DEL TÍTULO
Título Sur les routes de la soie
Resto del título : le grand voyage des objets d'art /
Mención de responsabilidad, etc. Cécile Beurdeley.
260 ## - PUBLICACIÓN, DISTRIBUCIÓN, ETC.
Lugar de publicación, distribución, etc. [Paris] :
Nombre del editor, distribuidor, etc. Seuel,
Fecha de publicación, distribución, etc. 1985.
300 ## - DESCRIPCIÓN FÍSICA
Extensión 223 p. :
Otras características físicas principalmente il. ;
Dimensiones 29 cm.
500 ## - NOTA GENERAL
Nota general Índice.
504 ## - NOTA DE BIBLIOGRAFÍA, ETC.
Nota de bibliografía, etc. Bibliografía.
651 #4 - PUNTO DE ACCESO ADICIONAL DE MATERIA--NOMBRE GEOGRÁFICO
Nombre geográfico Ruta de la Seda.
9 (RLIN) 151299
852 ## - LOCALIZACIÓN
Ubicación ES-MaACL
Número de control de estantería G-6932
Holdings
Estatus retirado Estado de pérdida Estado de daño No para préstamo Biblioteca de origen Biblioteca actual Ubicación en estantería Fecha de adquisición Fuente de adquisición Total de préstamos Signatura topográfica completa Código de barras Visto por última vez Precio de reemplazo Tipo de ítem Koha
        Biblioteca del Ateneo de Madrid Biblioteca del Ateneo de Madrid Depósito 2 17/01/2008     G-6932 1031363 23/02/2023 23/02/2023 Libro impreso